Statistics for State Flowers

Click here to take the quiz!

General Stats

  • This quiz has been taken 785 times
  • The average score is 13 of 50

Answer Stats

Answer % Correct
GeorgiaCherokee Rose
92%
New YorkRose
91%
IowaWild Prairie Rose
91%
North DakotaWild Prairie Rose
81%
KansasSunflower
62%
UtahSego lily
55%
New JerseyViolet
42%
LouisianaMagnolia
42%
OhioScarlet Carnation
41%
WisconsinWood Violet
38%
TennesseeIris
36%
New HampshirePurple Lilac
27%
North CarolinaAmerican Dogwood
27%
IndianaPeony
27%
ColoradoRocky Mountain Columbine
26%
AlaskaForget Me Not
25%
ArkansasApple Blossom
25%
TexasBluebonnet
24%
IdahoSyringa-Mock Orange
22%
FloridaOrange Blossom
21%
MarylandBlack-Eyed Susan
21%
DelawarePeach Blossom
20%
CaliforniaCalifornia Poppy
19%
ArizonaSaguaro Cactus Blossom
16%
ConnecticutMountain Laurel
16%
KentuckyGoldenrod
14%
AlabamaCamellia
13%
WashingtonCoast Rhododendron
12%
West VirgniaRhododendron
12%
WyomingIndian Paintbrush
12%
New MexicoYucca flower
11%
VermontRed Clover
10%
NevadaSagebrush
8%
OklahomaMistletoe
8%
OregonOregon Grape
6%
MissouriHawthorn
6%
South CarolinaYellow Jessamine
5%
MontanaBitterroot
5%
MinnesotaPink and white lady's slipper
5%
MaineWhite pine cone and tassel
5%
South DakotaPasque flower
4%
IllinoisPurple Violet
4%
MassachusettsTrailing-Arbutus
1%
HawaiiPua Aloalo
1%

Score Distribution

Percentile by Number Answered

Percent of People with Each Score

Your Score History

You have not taken this quiz